000 00883nam a2200229 i 4500
001 bg
100 1 _aKOZEK, Wiesława
245 1 0 _aSpołeczeństwo polskie w perspektywie globalizacji i integracji europejskiej /
_cWiesława Kozek, Aleksandra Lompart.
260 _aWarszawa :
_bIRiSS,
_c1997.
300 _a80 s. ;
_c25 cm.
490 1 _aRaporty / Instytut Rozwoju i Studiów Strategicznych,
_x1230-2848 ;
_v53
650 9 _aIntegracja europejska
_xsocjologia
_zPolska
_yod 1989 r.
650 9 _aOpinia publiczna
_zPolska
_yod 1989 r.
650 9 _aTransformacja systemu społeczno-gospodarczego
_xsocjologia
_zPolska
700 1 _aLOMPART, Aleksandra
830 0 _aRaporty (Instytut Rozwoju i Studiów Strategicznych) ;
_v53
040 _cBPK
041 0 _apl
080 _a316.42:338.22:323:316.65](438)"1989/..."
942 _cKS
008 s pl f |000 0 pol
999 _c32668
_d32668
856 _uhttp://koha.tu.koszalin.pl/cgi-bin/koha/opac-detail.pl?biblionumber=32668
_yKatalog online BPK